| 000 | 02893nam a22006731i 4500 | ||
|---|---|---|---|
| 001 | fwb00000677 | ||
| 003 | CtWfDGI | ||
| 005 | 20260129160200.0 | ||
| 006 | m cq h | ||
| 007 | cs nzannnauuuu | ||
| 007 | sz zunznnnzned | ||
| 008 | 210510s2021 ohua c 000 1 eng d | ||
| 020 |
_a9781549139543 _q(Wonderbook) : _c$59.99 |
||
| 020 |
_z9780316382007 _q(paperback) |
||
| 020 | _a1549139541 | ||
| 020 |
_z9780316381994 _q(premium binding) |
||
| 028 | 0 | 1 |
_aWB000677 _bFindaway World |
| 035 | _a(OCoLC)1255188994 | ||
| 040 |
_aCtWfDGI _beng _erda _cCtWfDGI |
||
| 050 | 1 | 4 |
_aPZ7.B81668 _bWi 2021d |
| 082 | 0 | 4 |
_a[Fic] _223 |
| 092 | _aJr Wonderbook | ||
| 100 | 1 |
_aBrown, Peter, _d1979- _eauthor, _eillustrator. _95810277 |
|
| 245 | 1 | 4 |
_aThe wild robot / _c[words and pictures by] Peter Brown. |
| 264 | 1 |
_aSolon, Ohio : _bFindaway World, LLC, _c[2021] |
|
| 300 |
_a1 Wonderbook (277 pages) : _billustrations ; _c20 cm |
||
| 336 | _aspoken word | ||
| 336 | _astill image | ||
| 336 | _atext | ||
| 337 | _aaudio | ||
| 337 | _aunmediated | ||
| 338 | _aother | ||
| 338 | _avolume | ||
| 500 | _aRelease date supplied by publisher. | ||
| 500 | _aPrint book published: New York ; Boston : Little, Brown and Company, 2020. | ||
| 500 | _aAudiobook originally released by Hachette Audio. | ||
| 500 | _aIssued as a Wonderbook, a pre-loaded audiobook player permanently attached to a hardcover book. | ||
| 500 | _aPowered by a rechargeable battery ; USB charger required for recharging. | ||
| 500 | _aAudiobook player has 2 modes. Read-Along mode narrates the story. Learning mode asks questions related to the story. | ||
| 511 | 0 | _aRead by Kate Atwater. | |
| 520 | _aRoz the robot discovers that she is alone on a remote, wild island with no memory of where she is from or why she is there, and her only hope of survival is to try to learn about her new environment from the island's hostile inhabitants. | ||
| 521 | 0 | _aGrades 3-6. | |
| 650 | 0 |
_aRobots _vJuvenile fiction. _95680206 |
|
| 650 | 0 |
_aSurvival _vJuvenile fiction. _95674045 |
|
| 650 | 0 |
_aAnimals _vJuvenile fiction. _95678723 |
|
| 650 | 0 |
_aFriendship _vJuvenile fiction. _95673647 |
|
| 650 | 0 |
_aIslands _vJuvenile fiction. _95675668 |
|
| 650 | 1 |
_aRobots _vFiction. _95680224 |
|
| 650 | 1 |
_aSurvival _vFiction. _95673621 |
|
| 650 | 1 |
_aAnimals _vFiction. _95678722 |
|
| 650 | 1 |
_aFriendship _vFiction. _95673769 |
|
| 650 | 1 |
_aIslands _vFiction. _95673780 |
|
| 655 | 7 |
_aChildren's audiobooks. _2lcgft _95675081 |
|
| 700 | 1 |
_aAtwater, Kate, _enarrator. _95810278 |
|
| 710 | 2 |
_aFindaway World, LLC. _95674726 |
|
| 776 | 0 | 8 |
_iPrint version: _aBrown, Peter, 1979- _tWild robot. _dNew York ; Boston : Little, Brown and Company, 2020 _z9780316382007 |
| 942 |
_2ddc _cWONDERBOOK |
||
| 945 | _c(OCoLC)1255188994 | ||
| 999 |
_c389010 _d389010 |
||